| 000 | 00531nam a2200193Ia 4500 | ||
|---|---|---|---|
| 005 | 20250923150244.0 | ||
| 008 | 008 250917s9999 xx 000 0 eng d | ||
| 037 | _aTextual | ||
| 040 |
_aDSWL _beng _cDSWL |
||
| 041 |
_aeng _2eng |
||
| 084 |
_aQ, P8 _qDSWL |
||
| 100 |
_aCowan, D E _9843954 |
||
| 245 | 0 |
_aCults and new religions: A brief history _cby D E Cowan |
|
| 260 |
_aUSA _bBlackwell _c2008 |
||
| 300 | _a260 p. | ||
| 650 |
_a D G BROMLEY _9843955 |
||
| 942 |
_cTEXL _hQ, P8 |
||
| 999 |
_c1461350 _d1461350 |
||